00309nam a2200109Ia 4500008004100000082001800041100002700059245002000086260004300106630001800149650003200167211118s9999||||xx |||||||||||||| ||und|| a891.43bSUK-R aSukla Rasal, Ramsankar 0aRas Chandlamkar bLokabharathi PrakashanaIlahabadc2003 xGeneral Stack aHindi LiteraturevGeneralia